Debate y legislación sobre el Distrito Federal : V. 2 : proceso legislativo de las iniciativas presidenciales de Ley de Hacienda, Ley de Ingresos 1983 y Presupuesto de Egresos 1983, del Departamento del Distrito Federal /

Guardado en:
Bibliografiske detaljer
Institution som forfatter: México Congreso de la Unión (52a Legislatura : 1982-1985). Cámara de Diputados
Format: Bog
Sprog:spansk
Udgivet: México : Congreso de la Unión, Cámara de Diputados, LII Legislatura, 1983
Tags: Tilføj Tag
Ingen Tags, Vær først til at tagge denne postø!

MARC

LEADER 00000nam^a2200000^a^4500
001 000432206
005 20250526000000.0
009 20260310123008.373
037 |a Acervo ITESO - Biblioteca 
041 |a ESP 
091 |a FHM. 05916 
110 |a México.  |e Congreso de la Unión (52a Legislatura : 1982-1985). Cámara de Diputados 
245 1 0 |a Debate y legislación sobre el Distrito Federal :  |b V. 2 : proceso legislativo de las iniciativas presidenciales de Ley de Hacienda, Ley de Ingresos 1983 y Presupuesto de Egresos 1983, del Departamento del Distrito Federal / 
264 1 |a México :  |b Congreso de la Unión, Cámara de Diputados, LII Legislatura,  |c 1983 
300 |a p. 197-572 ;  |c 21.0 cm. 
336 |a texto  |b txt  |2 rdacontenido 
337 |a sin mediación  |b n  |2 rdamedio 
338 |a volumen  |b nc  |2 rdasoporte 
649 |a XX 
910 |a Fondo Hugo B. Margáin 
920 |a Impresos - Libros 
930 |a Libros Antiguos y Raros 
905 |a 126 
901 |a 0500303261  |b IT2  |c LRA  |i D115930  |u 20250526 
902 |a https://opac.biblio.iteso.mx/vufind/Record/000432206